Security (Record no. 112373)

MARC details
000 -LEADER
fixed length control field 01210cad a22002895a 4500
001 - CONTROL NUMBER
control field E153096
008 - FIXED-LENGTH DATA ELEMENTS--GENERAL INFORMATION
fixed length control field 110607s2011 xxk f 000 0 eng d
020 ## - INTERNATIONAL STANDARD BOOK NUMBER
International Standard Book Number 9781842196649
035 ## - SYSTEM CONTROL NUMBER
System control number (Sirsi) u153096
041 0# - LANGUAGE CODE
Language code of text/sound track or separate title eng
050 04 - LIBRARY OF CONGRESS CALL NUMBER
Classification number 658.2 $2 18
110 2# - MAIN ENTRY--CORPORATE NAME
Corporate name or jurisdiction name as entry element Royal Institution of Chartered Surveyors
9 (RLIN) 4900
245 00 - TITLE STATEMENT
Title Security
Medium [electronic resource]
260 ## - PUBLICATION, DISTRIBUTION, ETC.
Place of publication, distribution, etc. Coventry
Name of publisher, distributor, etc. RICS
Date of publication, distribution, etc. 2011
300 ## - PHYSICAL DESCRIPTION
Extent vi, 29p.
Dimensions 30cm.
490 #0 - SERIES STATEMENT
Series statement RICS Guidance Note
Volume/sequential designation (GN 70/2011)
490 #0 - SERIES STATEMENT
Series statement RICS Facilities Management Standards
520 ## - SUMMARY, ETC.
Summary, etc. Superseded by 2nd ed. 3 January 2015 (L158117), ISBN 9781783210602.
520 ## - SUMMARY, ETC.
Summary, etc. Outlines best practice in the planning and deployment of the measures necessary to deliver appropriate and effective security. Covers: the development of a security strategy; planning process; sourcing; securty operations; continuous improvement.
590 ## - LOCAL NOTE (RLIN)
Local note KA
650 24 - SUBJECT ADDED ENTRY--TOPICAL TERM
Topical term or geographic name entry element RICS FACILITIES MANAGEMENT STANDARDS
650 24 - SUBJECT ADDED ENTRY--TOPICAL TERM
Topical term or geographic name entry element WHITE BOOK
651 #4 - SUBJECT ADDED ENTRY--GEOGRAPHIC NAME
Geographic name United Kingdom
Chronological subdivision
690 ## - LOCAL SUBJECT ADDED ENTRY--TOPICAL TERM (OCLC, RLIN)
Topical term or geographic name as entry element MANAGEMENT-FACILITIES MANAGEMENT
856 41 - ELECTRONIC LOCATION AND ACCESS
Uniform Resource Identifier <a href="https://www.rics.org/Global/Downloads/RICS_Security_2011.pdf">https://www.rics.org/Global/Downloads/RICS_Security_2011.pdf</a>
Public note View the guidance free of charge (members only) at www.rics.org
942 ## - ADDED ENTRY ELEMENTS (KOHA)
Suppress in OPAC 0
Holdings
Withdrawn status Lost status Source of classification or shelving scheme Damaged status Not for loan Home library Current library Shelving location Date acquired Total Checkouts Full call number Barcode Date last seen Copy number Price effective from Koha item type
    Dewey Decimal Classification     London London RICS Boxes 07/06/2011   RICS 2011/21 30075861 06/08/2019 2 06/08/2019 Archive
    Dewey Decimal Classification     London London RICS Boxes 07/06/2011   RICS 2011/21 30075856 06/08/2019 3 06/08/2019 Book
    Dewey Decimal Classification     London London RICS Boxes 07/06/2011   RICS 2011/21 30075857 06/08/2019 4 06/08/2019 Book
    Dewey Decimal Classification     Virtual Virtual Online 07/06/2011   ONLINE PUBLICATION 153096-3001 06/08/2019 1 06/08/2019 Book